Neighbours in arms : (Record no. 478304)

000 -LEADER
fixed length control field 01363cam a22003615i 4500
001 - CONTROL NUMBER
control field 20221928
003 - CONTROL NUMBER IDENTIFIER
control field NUST
005 - DATE AND TIME OF LATEST TRANSACTION
control field 20180521053924.0
008 - FIXED-LENGTH DATA ELEMENTS--GENERAL INFORMATION
fixed length control field 171215s2017 ii af b 001 0deng
010 ## - LIBRARY OF CONGRESS CONTROL NUMBER
LC control number 2017416799
020 ## - INTERNATIONAL STANDARD BOOK NUMBER
International Standard Book Number 9780670089314
Qualifying information (hardback)
020 ## - INTERNATIONAL STANDARD BOOK NUMBER
International Standard Book Number 0670089311
040 ## - CATALOGING SOURCE
Original cataloging agency DLC
Transcribing agency DLC
042 ## - AUTHENTICATION CODE
Authentication code pcc
043 ## - GEOGRAPHIC AREA CODE
Geographic area code n-us---
082 ## - DEWEY DECIMAL CLASSIFICATION NUMBER
Classification number 327.17470954
100 1# - MAIN ENTRY--PERSONAL NAME
Personal name Pressler, Larry,
Dates associated with a name 1942-
Relator term author.
9 (RLIN) 10362
245 10 - TITLE STATEMENT
Title Neighbours in arms :
Remainder of title an American senator's quest for disarmament in a nuclear subcontinent /
Statement of responsibility, etc. Larry Pressler.
264 #1 - PRODUCTION, PUBLICATION, DISTRIBUTION, MANUFACTURE, AND COPYRIGHT NOTICE
Place of production, publication, distribution, manufacture Gurgaon, Haryana, India :
Name of producer, publisher, distributor, manufacturer Penguin, Viking,
Date of production, publication, distribution, manufacture, or copyright notice 2017.
300 ## - PHYSICAL DESCRIPTION
Extent xxiv, 262 pages, 8 unnumbered pages of plates :
Other physical details illustrations (black and white, and colour) ;
Dimensions 24 cm
336 ## - CONTENT TYPE
Content type term text
Source rdacontent
337 ## - MEDIA TYPE
Media type term unmediated
Source rdamedia
338 ## - CARRIER TYPE
Carrier type term volume
Source rdacarrier
504 ## - BIBLIOGRAPHY, ETC. NOTE
Bibliography, etc. note Includes bibliographical references and index.
600 10 - SUBJECT ADDED ENTRY--PERSONAL NAME
Personal name Pressler, Larry,
Dates associated with a name 1942-
9 (RLIN) 10362
650 #0 - SUBJECT ADDED ENTRY--TOPICAL TERM
Topical term or geographic name entry element Nuclear disarmament
Geographic subdivision South Asia.
9 (RLIN) 10363
650 #0 - SUBJECT ADDED ENTRY--TOPICAL TERM
Topical term or geographic name entry element Arms transfers
General subdivision Government policy
Geographic subdivision United States.
9 (RLIN) 10364
651 #0 - SUBJECT ADDED ENTRY--GEOGRAPHIC NAME
Geographic name United States
General subdivision Military relations
Geographic subdivision South Asia.
9 (RLIN) 10365
651 #0 - SUBJECT ADDED ENTRY--GEOGRAPHIC NAME
Geographic name South Asia
General subdivision Military relations
Geographic subdivision United States.
9 (RLIN) 10366
906 ## - LOCAL DATA ELEMENT F, LDF (RLIN)
a 0
b ibc
c origres
d 2
e ncip
f 20
g y-gencatlg
942 ## - ADDED ENTRY ELEMENTS (KOHA)
Source of classification or shelving scheme
Koha item type Book
Holdings
Withdrawn status Lost status Source of classification or shelving scheme Damaged status Not for loan Collection code Permanent Location Current Location Shelving location Total Checkouts Full call number Barcode Date last seen Price effective from Koha item type
            Centre for International Peace & Stability (CIPS) Centre for International Peace & Stability (CIPS) General Stacks   327.17470954 PRE 2017 CIPS0002886 05/21/2018 05/21/2018 Book
© 2023 Central Library, National University of Sciences and Technology. All Rights Reserved.